Score 0/7 Timer 10:00
1 Play Today
% Correct
Hugo 'Hurley' Reyes
98.3%
Claire Littleton
97.5%
Sayid Jarah
97.4%
Greta
96.9%
Charlotte Lewis
96.8%
Charles Widmore
96.7%
Juliet Burke
96.7%
Remove Ads.
Support Sporcle.
Get the best of Sporcle when you Go Orange. This ad-free experience offers more features, more stats, and more fun while also helping to support Sporcle. Thank you for becoming a member.

You're not logged in!

Compare scores with friends on all Sporcle quizzes.
OR
Log In

Show Comments

Extras

Top Quizzes Today


Score Distribution

Your Account Isn't Verified!

In order to create a playlist on Sporcle, you need to verify the email address you used during registration. Go to your Sporcle Settings to finish the process.

Report this User

Report this user for behavior that violates our Community Guidelines.

Details: